000 00503nam a22001697a 4500
005 20130617151819.0
010 _aENG-107626
020 _a109381588732
_c195.00
020 _a9789381588734
_c195.00
035 _aEN-91159
100 _aSharma, Devanshi
245 _aUnimaginably true :
_cby Devanshi Sharma
_bthe book of dreams /
260 _aNew Delhi
_bV and S Publishers
_c2012
270 _aF-2/16, Ansari Road, Daryaganj
_bNew Delhi
_e110002
300 _a175p.
_c22cm (pbk)
942 _2ddc
_cEN
_mSHA
999 _c76717
_d76717